000 01205cab a2200193 4500
001 ##L134084
008 060707n2006 000 0 eng u
035 _a(Sirsi) u134084
041 0 _aeng
100 1 _aFisher, Liz
245 0 0 _aBillion pound boost for top 60 firms
260 _c2006
490 0 _aAccountancy
_v138(1355) July 2006, 28-46(14)
520 _aSeries of articles from the "Accountancy" annual top 60 league table of accountancy firms. Reports that the combined income of the top 60 firms has increased by 14% over the year. The league table gives data for fee income, previous year's income, UK offices, number of partners, number of staff, LLP status, whether annual accounts are published, auditor, and year end date. Provides a personnel profile for the top 60 firms, with fees per partner data. Looks at the increasing transparency of firms' profitability and gives fee income breakdown data. Reports comments from the mid tier firms in the wake of the Oxera report, and discusses whether partners are an endangered species. Tables.
590 _aIKA180706
690 _aMANAGEMENT-BUSINESS MANAGEMENT-FINANCIAL MANAGEMENT-ACCOUNTING
700 1 _aPercy, Sally
942 _n0
999 _c77365
_d77365